01145cam a2200229 4500001001300000003000400013005001700017008004100034010001700075025002000092040001800112050001900130100001800149245014400167260016800311300002300479500024300502650004600745710003600791710007100827999001700898sa 68016267 DLC20260227112653.0700626s1968 ii 000 0 eng  asa 68016267  aPL480:I-E-10696 aDLCcDLCdDLC00aLB1620.5b.M431 aMehdi, Baqer.10aGuidance in secondary schools;ba report of the careers masters' course held at the Central Institute of Education.cEdited by Baqer Mehdi. aDelhi,bDept. of Extension Services, Central Institute of Education, National Institute of Education, National Council of Educational Research and Training,c1968. aiii, 96 p.c25 cm. a"Based mainly on the work done during the three-week course for careers masters organised by the Extension Services Dept., Central Institute of Education, from 19th June to 6th July, 1967 at the instance of the State Bureau of Education." 0aCounseling in secondary educationzIndia.2 aCentral Institute of Education.2 aCentral Institute of Education.bDepartment of Extension Services. c86981d86981